[Event "Landesliga Sued 1920"]
[Site "Bayern"]
[Date "2020.09.13"]
[Round "8.6"]
[White "Buehner, Maximilian"]
[Black "Weichlein, Paul"]
[Result "1/2-1/2"]
[WhiteElo "1934"]
[BlackElo "2045"]
[PlyCount "111"]
[EventDate "2019.09.29"]
[EventType "team-tourn"]
[EventRounds "9"]
[EventCountry "GER"]
[SourceTitle "EXT 2022"]
[Source "ChessBase"]
[SourceDate "2021.10.06"]
[SourceVersion "1"]
[SourceVersionDate "2021.10.06"]
[SourceQuality "1"]
[WhiteTeam "MSA Zugzwang II"]
[BlackTeam "Haunstetten"]
[WhiteTeamCountry "GER"]
[BlackTeamCountry "GER"]

1. e4 c5 2. Nf3 d6 3. Bb5+ Nd7 4. 0-0 a6 5. Bxd7+ Bxd7 6. d4 cxd4 7. Qxd4 Nf6 8. Bg5 h6 9. Bxf6 gxf6 10. c4 Rg8 11. Kh1 Bc6 12. Nc3 f5 13. Rfe1 Rg4 14. Qd3 Rc8 15. h3 fxe4 16. Nxe4 Bxe4 17. Rxe4 Rxe4 18. Qxe4 Qb6 19. b3 Rc7 20. Kg1 Qa5 21. Qe2 b5 22. cxb5 Bg7 23. Rd1 Qxb5 24. Qe4 Qc6 25. Qg4 Qc2 26. Rd2 Qc1+ 27. Kh2 Kf8 28. Qe4 Be5+ 29. g3 Qf1 30. Nxe5 Rc1 31. Nd7+ Kg7 32. Qg2 Qb5 33. Qd5 Qxd7 34. Qd4+ f6 35. Qe3 Qb7 36. f3 Qc7 37. Re2 e5 38. Qe4 Qa7 39. Qg4+ Kf7 40. Qh5+ Ke7 41. Rg2 Qe3 42. Qg4 Qe1 43. Qg7+ Ke6 44. Qg8+ Kd7 45. Qf7+ Kc6 46. Qe8+ Kc5 47. Qc8+ Kd4 48. Qg4+ Kd3 49. Qf5+ Kc3 50. g4 Qe3 51. Qxf6 Rd1 52. Qf5 Rd2 53. Qc8+ Kb2 54. Qxa6 Qf4+ 55. Kg1 Qe3+ 56. Kh2 1/2-1/2